书目信息 |
| 题名: |
怎样辨别收音机的好坏
|
|
| 作者: | 〈苏联〉E·A·列维琴 著 ;贝远禧 译 | |
| 分册: | ||
| 出版信息: | 上海 上海科学技术出版社 1959 |
|
| 页数: | 33页 | |
| 开本: | 17cm | |
| 丛书名: | ||
| 单 册: | ||
| 中图分类: | TN85 | |
| 科图分类: | ||
| 主题词: | 接收机 , 收音机 | |
| 电子资源: | ||
| ISBN: | ||
| 000 | 00725nam0 2200229 450 | |
| 001 | 0633418273 | |
| 005 | 20060725092046.31 | |
| 010 | @dCNY0.14 | |
| 100 | @a20060725d1959 km y0chiy0120 ea | |
| 101 | 0 | @achi |
| 102 | @aCN@b310000 | |
| 200 | 1 | @a怎样辨别收音机的好坏@Azen yang bian bie shou yin ji de hao huai@f〈苏联〉E·A·列维琴 著@F〈su lian〉E·A·lie wei qin zhu@g贝远禧 译@Gbei yuan xi yi |
| 210 | @a上海@c上海科学技术出版社@d1959 | |
| 215 | @a33页@d17cm | |
| 300 | @a苏联大众无线电丛书 | |
| 606 | 0 | @a接收机 |
| 606 | 0 | @a收音机 |
| 690 | @aTN85@v3 | |
| 701 | 0 | @a〈苏联〉E·A·列维琴@A〈su lian〉E·A·lie wei qin@4著 |
| 702 | 0 | @a贝远禧@Abei yuan xi@4译 |
| 801 | 0 | @aCN@bPFT@c20060725 |
| 905 | @a10447@dTN85@e57 | |
| 怎样辨别收音机的好坏/〈苏联〉E·A·列维琴 著/贝远禧 译.-上海:上海科学技术出版社,1959 |
| 33页;17cm |
| 苏联大众无线电丛书 |
| ISBN :CNY0.14 |
| ● |
| 相关链接 |
|
|
|
|
正题名:怎样辨别收音机的好坏
索取号:TN85/57
 
预约/预借
| 序号 | 登录号 | 条形码 | 馆藏地/架位号 | 状态 | 备注 |
| 1 | 0438348 | 204383489 | 密集书库/ [索取号:TN85/57] | 在馆 |